Seferino Catrileo, ciudadano
Gorde:
| Egile nagusia: | |
|---|---|
| Formatua: | Liburua |
| Hizkuntza: | gaztelania |
| Argitaratua: |
Santiago
FLACSO
1987
|
| Saila: | Crónicas de la otra ciudad, 5
|
| Gaiak: | |
| Etiketak: |
Etiketa erantsi
Etiketarik gabe, Izan zaitez lehena erregistro honi etiketa jartzen!
|
MARC
| LEADER | 00000nam a2200000 a 4500 | ||
|---|---|---|---|
| 001 | UCQ6270 | ||
| 003 | CL-VaPUC | ||
| 008 | 981009e19870000CL |||||||||||||||||spa|d | ||
| 082 | 0 | 4 | |a Ch863 |b PIÑ |2 21 |
| 100 | 0 | |a Piña, Carlos |e author |9 420155 | |
| 245 | 1 | 0 | |a Seferino Catrileo, ciudadano |
| 300 | |a 49 p | ||
| 942 | |c BK | ||
| 945 | |d 19981009 00:00:00 |a crobeson | ||
| 260 | |a Santiago |b FLACSO |c 1987 | ||
| 650 | 0 | |a Novelas chilenas |9 265425 | |
| 650 | 0 | |a Literatura chilena |9 308278 | |
| 583 | |a last modification |c 19981009 00:00:00 |k Rodrigo Vera | ||
| 490 | 0 | |a Crónicas de la otra ciudad, 5 | |
| 999 | |c 276271 |d 276269 | ||
| 952 | |0 0 |1 0 |4 0 |6 CH_863_000000000000000_PIÑ_1987 |7 0 |8 A |9 313433 |a BIBEDU |b BIBEDU |d 2019-11-20 |i 1477587 |o Ch863 PIÑ 1987 |p 1477587 |r 2019-11-20 |w 2019-11-20 |y BK |k LIT | ||